00361nam a2200133 a 450000500170000000800410001702000180005805000130007624500450008926000220013430000240015644000170018065000300019720140412111348.0050420s19uu xx 00 eng d a1-57145-357-1 aERbFi44 aFirst words :bsorting and matching fun. a[s.l.] :b[s.n.]. a1 v. (unp. ) ; ill. aFind and Fit aPicture book for children